[Event "Ulan-Ude Bajkal op 11th"]
[Site "Ulan-Ude"]
[Date "2014.07.25"]
[Round "2"]
[White "Vakhrushev, Valeriy"]
[Black "Zundui, Cend"]
[Result "1/2-1/2"]
[WhiteElo "1809"]
[BlackElo "2215"]
[PlyCount "84"]
[EventDate "2014.07.20"]
[EventType "swiss"]
[EventRounds "9"]
[EventCountry "RUS"]
[SourceTitle "EXT 2015"]
[Source "ChessBase"]
[SourceDate "2014.11.20"]
[SourceVersion "1"]
[SourceVersionDate "2014.11.20"]
[SourceQuality "1"]

1. Nf3 Nf6 2. d4 e6 3. c4 c5 4. Nc3 cxd4 5. Nxd4 Be7 6. g3 Qc7 7. b3 a6 8. Bg2 d5 9. Qd3 e5 10. Nc2 d4 11. Nd5 Nxd5 12. Bxd5 Nd7 13. 0-0 Nc5 14. Qd1 Bf5 15. Bb2 0-0 16. Ne1 Rab8 17. Nd3 Nxd3 18. exd3 b5 19. Qd2 Qd6 20. Rfe1 Qf6 21. a3 Bh3 22. Bg2 Bxg2 23. Kxg2 Rfe8 24. Re2 Qc6+ 25. Kg1 Bf6 26. Rae1 h6 27. Re4 Re6 28. R1e2 Rbe8 29. Qe1 g6 30. f4 exf4 31. Rxe6 Rxe6 32. Rxe6 Qxe6 33. Qxe6 fxe6 34. gxf4 bxc4 35. bxc4 Kf7 36. Kg2 Ke7 37. Kf3 Kd6 38. Ke4 Kc5 39. Ba1 a5 40. Bb2 h5 41. h3 Bg7 42. Ba1 Bf6 1/2-1/2